Pick the Jack Nicholson Movie Quiz Stats

Quiz Updated Apr 10, 2018

Challenge
Share
Tweet
Embed
Score 0/16 Timer 03:00
43 Plays Today
Question Answer Wrong Answers
Which one of these films stars Jack Nicholson? The Shining
97.6%
Night at the Museum: Secret of the Tomb
0.2%
Triple 9
0.2%
The Island of Dr. Moreau
0.7%
Which one of these films stars Jack Nicholson? One Flew Over the Cuckoo's Nest
96.8%
The Longest Yard
0.8%
Tootsie
0.7%
The 13th Warrior
0.4%
Which one of these films stars Jack Nicholson? As Good as It Gets
95.5%
Sphere
0.6%
Being John Malkovich
1.8%
Casino Royale
0.8%
Which one of these films stars Jack Nicholson? A Few Good Men
95.5%
The Conjuring
0.8%
Exit Wounds
0.8%
Definitely, Maybe
1.6%
Which one of these films stars Jack Nicholson? Anger Management
94%
Titanic
0.3%
The Avengers
0.4%
Duplex
3.8%
Which one of these films stars Jack Nicholson? About Schmidt
93.1%
Hotel Rwanda
2.5%
The Lone Ranger
1.5%
2001: A Space Odyssey
1.5%
Which one of these films stars Jack Nicholson? The Departed
91.3%
Pain & Gain
5.1%
Zoolander
1.2%
We Bought a Zoo
1%
Which one of these films stars Jack Nicholson? Five Easy Pieces
90.8%
Semi-Pro
4.8%
Ice Age: The Meltdown
2.4%
Pirates of the Caribbean: Dead Man's Chest
0.6%
Which one of these films stars Jack Nicholson? The Bucket List
87.1%
The First Wives Club
9.7%
The Ring
1.1%
Snow White and the Huntsman
0.7%
Which one of these films stars Jack Nicholson? Terms of Endearment
86.5%
Hail, Caesar!
2.3%
You Can Count on Me
8.2%
Joyeux Noel
1.6%
Which one of these films stars Jack Nicholson? Chinatown
86.4%
Flight of the Intruder
4.6%
I Heart Huckabees
5.8%
Chaplin
1.8%
Which one of these films stars Jack Nicholson? Batman
85.7%
Reality Bites
4.4%
J. Edgar
8.4%
Star Trek: Generations
0.2%
Which one of these films stars Jack Nicholson? Easy Rider
81.7%
Live Free or Die Hard
2.8%
Happy Feet 2
3.9%
The Wedding Banquet
10.2%
Which one of these films stars Jack Nicholson? Something's Gotta Give
78.6%
Men of Honor
18%
Hercules
0.5%
The Beach
1.6%
Which one of these films stars Jack Nicholson? Prizzi's Honor
76.1%
Jade
6.2%
What Dreams May Come
15.1%
Fight Club
1.3%
Which one of these films stars Jack Nicholson? Mars Attacks!
74.5%
Twisted
14.8%
The Talented Mr. Ripley
7.5%
Lawrence of Arabia
1.8%

You're not logged in!

Compare scores with friends on all Sporcle quizzes.
Join for Free
OR
Log In

You Might Also Like...

Show Comments

Extras

Top Quizzes Today


Score Distribution

Your Account Isn't Verified!

In order to create a playlist on Sporcle, you need to verify the email address you used during registration. Go to your Sporcle Settings to finish the process.

Report this User

Report this user for behavior that violates our Community Guidelines.

Details: